000 01172nam a22003617a 4500
003 CHAP
005 20220817044252.0
008 090522s2002 sp r 00010 spa d
010 _a96225
011 _a97197
020 _a8471124521
035 _a107860
040 _cCHAP
082 0 4 _a378.12
_bB78
100 1 _aBrockbank, Anne.
_915478
245 1 0 _aAprendizaje reflexivo en la educación superior
_c/por Anne y Lan McGill
260 _aMadrid :
_bMorata,
_c2002
300 _a311 p. :
_bcuadros, gráfs.
534 _pTít. original :
_tFacilitating reflective learning higher education,
_c1999
590 _aBATCH-UPD
_b10
_c20130110
_lUCH01
_h0533
590 _aBATCH-UPD
_b10
_c20130410
_lUCH01
_h0213
590 _aBATCH-UPD
_b10
_c20130914
_lUCH01
_h0750
590 _aCONVERSION
_b10
_c20130109
_lUCH01
_h1353
650 1 4 _aAprendizaje.
_96370
650 1 4 _aDiálogos.
_932638
650 1 4 _aEducación superior.
650 1 4 _aEstudiantes.
_938489
650 1 4 _aMaestros
_xEvaluación.
_969755
700 1 _aMcGill, Ian
_973526
901 _aBK
942 _cLIBRO
949 _a378.12 B78
_bBC
_cLIBRO
_d33724002093256
_eLIBRO
_gI.c/e
_h110464
_i107860
_sb
_t$520.00
999 _c96225
_d96225